The land market 2006 (Record no. 78480)

MARC details
000 -LEADER
fixed length control field 00710cab a2200205 4500
001 - CONTROL NUMBER
control field L136884
008 - FIXED-LENGTH DATA ELEMENTS--GENERAL INFORMATION
fixed length control field 070228n2006 000 0 eng u
035 ## - SYSTEM CONTROL NUMBER
System control number (Sirsi) u136884
041 0# - LANGUAGE CODE
Language code of text/sound track or separate title eng
100 1# - MAIN ENTRY--PERSONAL NAME
Personal name Shirley, Andrew
245 04 - TITLE STATEMENT
Title The land market 2006
Remainder of title the first six months
260 ## - PUBLICATION, DISTRIBUTION, ETC.
Date of publication, distribution, etc. 2006
490 00 - SERIES STATEMENT
Series statement Farmland Market
Volume/sequential designation (66) Autumn 2006, 4-9(6)
520 ## - SUMMARY, ETC.
Summary, etc. Looks at the land market in Great Britain in the first six months of 2006. Covers prices, the Irish market, dairy farms, tax. Includes a regional round-up.
590 ## - LOCAL NOTE (RLIN)
Local note KA
651 #4 - SUBJECT ADDED ENTRY--GEOGRAPHIC NAME
Geographic name GREAT BRITAIN
651 #4 - SUBJECT ADDED ENTRY--GEOGRAPHIC NAME
Geographic name Ireland (Republic of)
Chronological subdivision
690 ## - LOCAL SUBJECT ADDED ENTRY--TOPICAL TERM (OCLC, RLIN)
Topical term or geographic name as entry element PROPERTY-RURAL AND NATURAL ASSETS-RURAL AND NATURAL ASSET MARKET
942 ## - ADDED ENTRY ELEMENTS (KOHA)
Suppress in OPAC 0
Holdings
Withdrawn status Lost status Source of classification or shelving scheme Damaged status Not for loan Home library Current library Shelving location Date acquired Total Checkouts Full call number Barcode Date last seen Copy number Price effective from Koha item type
    Dewey Decimal Classification     London London Journal article 28/02/2007   L136884 136884-1001 06/08/2019 1 06/08/2019 Journal article